UBT Library

Green from the ground up : (Record no. 42389)

000 -LEADER
fixed length control field 00957cam a2200253 a 4500
001 - CONTROL NUMBER
control field 14924713
005 - DATE AND TIME OF LATEST TRANSACTION
control field 20180213071945.0
008 - FIXED-LENGTH DATA ELEMENTS--GENERAL INFORMATION
fixed length control field 070712s2008 ctua 001 0 eng
010 ## - LIBRARY OF CONGRESS CONTROL NUMBER
LC control number 2007028844
020 ## - INTERNATIONAL STANDARD BOOK NUMBER
International Standard Book Number 9781561589739 (pbk.)
020 ## - INTERNATIONAL STANDARD BOOK NUMBER
International Standard Book Number 156158973X (pbk.)
035 ## - SYSTEM CONTROL NUMBER
System control number (OCoLC)ocn156874720
040 ## - CATALOGING SOURCE
Original cataloging agency DLC
Transcribing agency DLC
Modifying agency IG#
-- BAKER
-- BTCTA
-- YDXCP
-- IH9
-- CDX
-- OCLCG
-- QBX
-- VP@
-- EZU
-- DLC
041 ## - LANGUAGE CODE
Language code of text/sound track or separate title eng
080 ## - UNIVERSAL DECIMAL CLASSIFICATION NUMBER
Universal Decimal Classification number 690.837 JOH
082 00 - DEWEY DECIMAL CLASSIFICATION NUMBER
Classification number 690.837 JOH
Edition number 22
100 1# - Rafti
Rafti 41
101 ## - Shkurtesa
Shkurtesa NDE
245 10 - TITLE STATEMENT
Title Green from the ground up :
Statement of responsibility, etc David Johnston & Scott Gibson.
504 ## - BIBLIOGRAPHY, ETC. NOTE
Bibliography, etc Includes bibliographical references and index.
906 ## - LOCAL DATA ELEMENT F, LDF (RLIN)
a 7
b cbc
c orignew
d 1
e ecip
f 20
g y-gencatlg
942 ## - ADDED ENTRY ELEMENTS (KOHA)
Source of classification or shelving scheme
Item type Books
Holdings
Withdrawn status Lost status Source of classification or shelving scheme Damaged status Not for loan Collection code Permanent location Current location Shelving location Date acquired Total Checkouts Full call number Barcode Date last seen Price effective from Koha item type
          Koleksioni i përgjithshem UBT - Lipjan UBT - Lipjan Koleksioni i përgjithshem 02/13/2018   690.837 JOH 002-2998082 02/13/2018 02/13/2018 Books
UBT Library © 2015-2024. All rights reserved University Education for Business and Technology